000
00203 a2200097 4500
001
806
100
_a
Eneritt,W.L
245
_a
Communication engineering
260
_a
_b
Mcgrawhill
_c
090
_c
398
_d
398
942
_a
NUST-CAE
_c
M
_c
30244
999
_c
235879
_d
235879